№ 4 (177); Экономика и предпринимательство

Bibliografske podrobnosti
Parent link:Экономика и предпринимательство. № 4 (177).— .— Москва: Редакция журнала Экономика и предпринимательство, 2007-.— 1999-2300
Izvleček:Текстовый файл
AM_Agreement
Jezik:ruščina
Izdano: 2025
Online dostop:https://elibrary.ru/contents.asp?id=80446005
Format: MixedMaterials Elektronski Knjiga
KOHA link:https://koha.lib.tpu.ru/cgi-bin/koha/opac-detail.pl?biblionumber=679375

MARC

LEADER 00000nam2a2200000 4500
001 679375
005 20250328100914.0
090 |a 679375 
100 |a 20250328d2025 k||y0rusy50 ca 
101 0 |a rus 
102 |a RU 
105 |a a z 001yy 
135 |a drcn ---uucaa 
181 0 |a i   |b  e  
182 0 |a b 
183 0 |a cr  |2 RDAcarrier 
200 0 |a № 4 (177) 
203 |a Текст  |c электронный  |b визуальный 
210 |d 2025 
283 |a online_resource  |2 RDAcarrier 
320 |a Библиография в конце статей 
336 |a Текстовый файл 
371 0 |a AM_Agreement 
461 1 |0 582767  |9 582767  |t Экономика и предпринимательство  |c Москва  |n Редакция журнала Экономика и предпринимательство  |v № 4 (177)  |d 2007-  |x 1999-2300 
801 0 |a RU  |b 63413507  |c 20250328  |g PSBO 
850 |a 63413507 
856 4 0 |u https://elibrary.ru/contents.asp?id=80446005  |z https://elibrary.ru/contents.asp?id=80446005 
942 |c CF